000
00301 a2200133 4500
001
194951
040
_c
Magnum
100
_a
Hans Christian Andersen
240
1
0
_a
A roupa nova do imperador
_l
por
245
1
0
_a
A roupa nova do imperador
300
_a
31
697
_a
LITERATURA INFANTO
942
_c
BK
999
_c
194951
_d
194951